| 000 | 00690 a2200217 4500 | ||
|---|---|---|---|
| 999 |
_c9247 _d9247 |
||
| 020 | _a9781412945691 (hbk. : alk. paper) | ||
| 020 | _a1412945690 (hbk. : alk. paper) | ||
| 020 | _a1412945704 (pbk.) | ||
| 020 | _a9781412945707 (pbk.) | ||
| 050 | 0 | 0 | _aKD7869 |
| 100 | 1 | _aSmartt, Ursula. | |
| 245 | 1 | 0 |
_aLaw for criminologists : _ba practical guide / _cUrsula Smartt. |
| 264 |
_aNew Delhi: _bSage, _c2009 |
||
| 300 | _axv, 224 p. ; | ||
| 500 | _aincludes index | ||
| 504 | _aIncludes bibliographical references (p. [209]-217) and index. | ||
| 650 | 0 | _aCriminal law | |
| 650 | 0 | _aCriminal law | |
| 942 |
_2lcc _cBK _h7869 _iSMA _kKD |
||